000 00991nam a2200265 i 4500
001 14371
003 ES-MaACL
005 20231222152740.0
007 t|
008 990304s1999 sp |||| |bspa d
020 _a84-88131-11-9
080 _a75 Rosales, Eduardo (1836-1873) (064.3)
080 _a929 Rosales, Eduardo (1836-1873)
100 1 _aLópez Delgado, Juan Antonio.
_973607
245 1 0 _aEduardo Rosales en Murcia /
_cJuan Antonio López Delgado.
260 _aMurcia :
_bAyuntamiento, Condejalia de Cultura, Festejos y Turismo,
_c[1999]
300 _a84 p. :
_bil. ;
_c28 cm.
600 1 4 _aRosales, Eduardo,
_d1836-1873-
_vExposiciones
_999639
655 7 _2tgfbne
_9193628
_aCatálogos de exposiciones
700 1 _aRosales, Eduardo,
_d1836-1873
_999638
710 1 _aMurcia.
_bAyuntamiento. Concejalía de Cultura, Festejos y Turismo.
_95794
852 4 _aES-MaACL
_jL-21699
_z. - Dedicatoria autógrafa del autor
942 _2udc
999 _c14371
_d14371